[Event "71st MNE-ch 2019"]
[Site "Podgorica"]
[Date "2019.05.26"]
[Round "9.7"]
[White "Miletic, Vuk"]
[Black "Musovic, Armin"]
[Result "0-1"]
[WhiteElo "1954"]
[BlackElo "2297"]
[Annotator "NA"]
[PlyCount "80"]
[EventDate "2019.05.18"]
[EventType "swiss"]
[EventCountry "MNE"]
[SourceTitle "playchess.com"]
[Source "ChessBase"]
[SourceQuality "1"]
[TimeControl "40/5400+30:1800+30"]

1. d4 {[%emt 0:00:00]} d5 {[%emt 0:00:00]} 2. c4 {[%emt 0:00:00]} c5 {[%emt 0:00:00]} 3. cxd5 {[%emt 0:00:00]} Nf6 {[%emt 0:00:21]} 4. Nf3 {[%emt 0:02:33]} cxd4 {[%emt 0:00:44]} 5. Qxd4 {[%emt 0:05:46]} Qxd5 {[%emt 0:00:14]} 6. Nc3 {[%emt 0:03:35]} Qxd4 {[%emt 0:00:38]} 7. Nxd4 {[%emt 0:00:02]} a6 {[%emt 0:00:03]} 8. g3 {[%emt 0:02:46]} e5 {[%emt 0:01:13]} 9. Nb3 {[%emt 0:01:20]} Bb4 {[%emt 0:03:02]} 10. Bd2 {[%emt 0:01:43]} Nc6 {[%emt 0:01:46]} 11. Bg2 {[%emt 0:05:39]} Be6 {[%emt 0:01:40]} 12. Ne4 {[%emt 0:13:32]} O-O-O {[%emt 0:06:11]} 13. Rc1 {[%emt 0:14:45]} Kb8 {[%emt 0:05:26]} 14. Nec5 {[%emt 0:06:48]} Rxd2 {[%emt 0:07:45]} 15. Nxd2 {[%emt 0:03:14]} Rd8 {[%emt 0:00:31]} 16. Nxe6 {[%emt 0:09:35]} Bxd2+ {[%emt 0:01:17]} 17. Kf1 {[%emt 0:04:58]} Bxc1 {[%emt 0:02:48]} 18. Nxd8 {[%emt 0:00:07]} Nxd8 {[%emt 0:00:07]} 19. b3 {[%emt 0:00:28]} Nc6 {[%emt 0:03:39]} 20. Bxc6 {[%emt 0:00:24]} bxc6 {[%emt 0:00:04]} 21. Kg2 {[%emt 0:00:01]} Ba3 {[%emt 0:00:23]} 22. Rd1 {[%emt 0:01:24]} Kc7 {[%emt 0:00:36]} 23. Rd2 {[%emt 0:01:52]} Nd5 {[%emt 0:01:11]} 24. Rc2 {[%emt 0:00:27]} a5 {[%emt 0:01:58]} 25. Rc4 {[%emt 0:01:21]} Bd6 {[%emt 0:03:14]} 26. Kf3 {[%emt 0:02:07]} Nb4 {[%emt 0:03:50]} 27. a4 {[%emt 0:01:03]} Na6 {[%emt 0:01:05]} 28. Rg4 {[%emt 0:01:18]} g6 {[%emt 0:00:34]} 29. Rh4 {[%emt 0:00:26]} h5 {[%emt 0:00:08]} 30. g4 {[%emt 0:02:22]} Be7 {[%emt 0:05:35]} 31. Rh3 {[%emt 0:00:14]} h4 {[%emt 0:03:00]} 32. Ke4 {[%emt 0:03:23]} Kd6 {[%emt 0:00:58]} 33. Rc3 {[%emt 0:00:58]} Nc5+ {[%emt 0:00:41]} 34. Kf3 {[%emt 0:00:18]} Bf6 {[%emt 0:05:12]} 35. Ke3 {[%emt 0:03:04]} Bg5+ {[%emt 0:01:30]} 36. Kf3 {[%emt 0:00:14]} e4+ {[%emt 0:00:31]} 37. Kg2 {[%emt 0:00:04]} Bf6 {[%emt 0:00:24]} 38. Rc4 {[%emt 0:00:16]} Kd5 {[%emt 0:01:29]} 39. f3 {[%emt 0:01:21]} exf3+ {[%emt 0:00:59]} 40. exf3 {[%emt 0:00:00]} Bd4 {[%emt 0:00:00]} 0-1

[Event "71st MNE-ch 2019"]
[Site "Podgorica"]
[Date "2019.05.26"]
[Round "9.8"]
[White "Vujacic, Igor"]
[Black "Pobor, Milo"]
[Result "1/2-1/2"]
[WhiteElo "2205"]
[BlackElo "1960"]
[Annotator "NA RC"]
[PlyCount "131"]
[EventDate "2019.05.18"]
[EventType "swiss"]
[EventCountry "MNE"]
[SourceTitle "playchess.com"]
[Source "ChessBase"]
[SourceQuality "1"]
[TimeControl "40/5400+30:1800+30"]

1. e4 {[%emt 0:08:34]} c5 {[%emt 0:00:45]} 2. Nf3 {[%emt 0:00:13]} Nc6 {[%emt 0:00:10]} 3. d4 {[%emt 0:00:28]} cxd4 {[%emt 0:00:07]} 4. Nxd4 {[%emt 0:00:06]} Nf6 {[%emt 0:00:12]} 5. Nc3 {[%emt 0:00:07]} d6 {[%emt 0:00:35]} 6. Bg5 {[%emt 0:00:20]} e6 {[%emt 0:00:10]} 7. Qd2 {[%emt 0:00:11]} a6 {[%emt 0:00:12]} 8. O-O-O {[%emt 0:00:25]} h6 {[%emt 0:00:06]} 9. Bf4 {[%emt 0:00:35]} Bd7 {[%emt 0:00:26]} 10. Nxc6 {[%emt 0:00:17]} Bxc6 {[%emt 0:00:06]} 11. f3 {[%emt 0:00:20]} d5 {[%emt 0:06:54]} 12. Qe1 {[%emt 0:00:15]} Bb4 {[%emt 0:01:54]} 13. a3 {[%emt 0:00:40]} Bxc3 {[%emt 0:01:19]} 14. Qxc3 {[%emt 0:00:33]} O-O {[%emt 0:00:50]} 15. Be5 {[%emt 0:00:36]} Rc8 {[%emt 0:03:32]} 16. Bxf6 {[%emt 0:04:26]} Qxf6 {[%emt 0:00:53]} 17. Qxf6 {[%emt 0:00:21]} gxf6 {[%emt 0:00:02]} 18. exd5 {[%emt 0:00:54]} Bxd5 {[%emt 0:00:06]} 19. Rd4 {[%emt 0:01:20]} Rfd8 {[%emt 0:06:23]} 20. Be2 {[%emt 0:03:22]} Rc5 {[%emt 0:12:16]} 21. Rhd1 {[%emt 0:09:08]} Rdc8 {[%emt 0:00:23]} 22. R1d2 {[%emt 0:06:33]} f5 {[%emt 0:16:41]} 23. Kb1 {[%emt 0:09:13]} Kg7 {[%emt 0:07:17]} 24. b3 {[%emt 0:07:59]} b5 {[%emt 0:03:44]} 25. a4 {[%emt 0:03:01]} Bc6 {[%emt 0:04:26]} 26. axb5 {[%emt 0:04:35]} axb5 {[%emt 0:04:16]} 27. Kb2 {[%emt 0:04:48]} Kf6 {[%emt 0:06:53]} 28. Rd8 {[%emt 0:08:02]} Rxd8 {[%emt 0:04:38]} 29. Rxd8 {[%emt 0:00:16]} f4 {[%emt 0:00:05]} 30. Rc8 {[%emt 0:06:04]} Re5 {[%emt 0:01:09]} 31. Bd3 {[%emt 0:00:41]} Bd7 {[%emt 0:00:34]} 32. Rg8 {[%emt 0:04:26]} Rh5 {[%emt 0:03:06]} 33. c4 {[%emt 0:13:10]} bxc4 {[%emt 0:01:26]} 34. Bxc4 {[%emt 0:00:34]} Rxh2 {[%emt 0:01:37]} 35. b4 {[%emt 0:00:16]} Rh5 {[%emt 0:00:11]} 36. Kc3 {[%emt 0:00:23]} Rg5 {[%emt 0:08:34]} 37. Rxg5 {[%emt 0:00:53]} Kxg5 {[%emt 0:00:00]} 38. Kd3 {[%emt 0:01:18]} Kh4 {[%emt 0:00:10]} 39. Ke2 {[%emt 0:00:00]} Kg5 {[%emt 0:00:34]} 40. b5 {[%emt 0:00:00]} Bc8 {[%emt 0:00:00]} 41. Kd3 {[%emt 0:11:22]} h5 {[%emt 0:03:58]} 42. Ke4 {[%emt 0:12:14]} Bb7+ {[%emt 0:10:35]} 43. Ke5 {[%emt 0:00:35]} h4 {[%emt 0:00:11]} 44. Be2 {[%emt 0:07:46]} Bd5 {[%emt 0:01:28]} 45. b6 {[%emt 0:00:39]} Bb7 {[%emt 0:00:44]} 46. Bd3 {[%emt 0:01:27]} h3 {[%emt 0:01:05]} 47. gxh3 {[%emt 0:00:21]} f6+ {[%emt 0:00:09]} 48. Kxe6 {[%emt 0:01:53]} Bxf3 {[%emt 0:00:06]} 49. Bf1 {[%emt 0:00:56]} Be4 {[%emt 0:03:59]} 50. Kd6 {[%emt 0:01:47]} f3 {[%emt 0:02:51]} 51. Ke6 {[%emt 0:00:31]} f2 {[%emt 0:01:16]} 52. Kd6 {[%emt 0:00:19]} Kh4 {[%emt 0:01:11]} 53. Ke6 {[%emt 0:00:36]} Kg3 {[%emt 0:00:13]} 54. Kxf6 {[%emt 0:00:12]} Bg2 {[%emt 0:00:11]} 55. h4 {[%emt 0:00:33]} Bxf1 {[%emt 0:00:49]} 56. b7 {[%emt 0:00:05]} Be2 {[%emt 0:00:47]} 57. b8=Q+ {[%emt 0:00:07]} Kg2 {[%emt 0:00:41]} 58. Qb7+ {[%emt 0:00:59]} Bf3 {[%emt 0:00:41]} 59. Qb2 {[%emt 0:00:16]} Kg1 {[%emt 0:00:32]} 60. Qd4 {[%emt 0:00:12]} Kg2 {[%emt 0:00:07]} 61. Qd2 {[%emt 0:00:28]} Kg1 {[%emt 0:01:20]} 62. Qe3 {[%emt 0:00:19]} Kg2 {[%emt 0:00:20]} 63. Qg5+ {[%emt 0:00:23]} Kh1 {[%emt 0:01:21]} 64. Qc1+ {[%emt 0:00:40]} Kg2 {[%emt 0:00:25]} 65. Qc2 {[%emt 0:00:58]} Kg1 {[%emt 0:00:33]} 66. Qxf2+ {[%emt 0:00:31]} 1/2-1/2

[Event "71st MNE-ch 2019"]
[Site "Podgorica"]
[Date "2019.05.26"]
[Round "9.10"]
[White "Vujovic, Savo"]
[Black "Djurovic, Peko"]
[Result "0-1"]
[WhiteElo "1940"]
[BlackElo "1898"]
[Annotator "NA"]
[PlyCount "36"]
[EventDate "2019.05.18"]
[EventType "swiss"]
[EventCountry "MNE"]
[SourceTitle "playchess.com"]
[Source "ChessBase"]
[SourceQuality "1"]
[TimeControl "40/5400+30:1800+30"]

1. c4 {[%emt 0:00:00]} e5 {[%emt 0:00:34]} 2. Nc3 {[%emt 0:00:05]} Nf6 {[%emt 0:00:09]} 3. Nf3 {[%emt 0:00:06]} Nc6 {[%emt 0:00:22]} 4. e4 {[%emt 0:00:12]} Bc5 {[%emt 0:05:44]} 5. Nxe5 {[%emt 0:00:07]} Nxe5 {[%emt 0:01:04]} 6. d4 {[%emt 0:00:06]} Bb4 {[%emt 0:02:57]} 7. dxe5 {[%emt 0:00:09]} Nxe4 {[%emt 0:02:40]} 8. Qf3 {[%emt 0:02:59]} f5 {[%emt 0:25:57]} 9. Qxf5 {[%emt 0:45:52]} Nxc3 {[%emt 0:04:53]} 10. a3 {[%emt 0:01:20]} d5 {[%emt 0:11:07]} 11. e6 {[%emt 0:05:16]} Rf8 {[%emt 0:01:39]} 12. Qxh7 {[%emt 0:06:49]} Qf6 {[%emt 0:02:38]} 13. Qc2 {[%emt 0:06:17]} Bc5 {[%emt 0:13:08]} 14. bxc3 {[%emt 0:02:38]} Bxf2+ {[%emt 0:00:10]} 15. Kd1 {[%emt 0:00:09]} Bxe6 {[%emt 0:00:10]} 16. cxd5 {[%emt 0:07:37]} O-O-O {[%emt 0:00:57]} 17. Bd2 {[%emt 0:00:26]} Rxd5 {[%emt 0:03:05]} 18. Bd3 {[%emt 0:02:54]} Rfd8 {[%emt 0:00:26]} 0-1

[Event "71st MNE-ch 2019"]
[Site "Podgorica"]
[Date "2019.05.26"]
[Round "9.11"]
[White "Koljevic, Nikolina"]
[Black "Sukovic, Andrej"]
[Result "1/2-1/2"]
[WhiteElo "1964"]
[BlackElo "2221"]
[Annotator "NA"]
[PlyCount "69"]
[EventDate "2019.05.18"]
[EventType "swiss"]
[EventCountry "MNE"]
[SourceTitle "playchess.com"]
[Source "ChessBase"]
[SourceQuality "1"]
[TimeControl "40/5400+30:1800+30"]

1. e4 {[%emt 0:00:00]} c5 {[%emt 0:00:05]} 2. Nf3 {[%emt 0:00:00]} d6 {[%emt 0:00:04]} 3. d4 {[%emt 0:00:00]} cxd4 {[%emt 0:00:06]} 4. Qxd4 {[%emt 0:00:00]} e5 {[%emt 0:00:04]} 5. Bb5+ {[%emt 0:00:29]} Nd7 {[%emt 0:00:05]} 6. Qd3 {[%emt 0:00:28]} h6 {[%emt 0:00:06]} 7. Nc3 {[%emt 0:00:35]} Ngf6 {[%emt 0:00:05]} 8. Be3 {[%emt 0:00:49]} Be7 {[%emt 0:00:05]} 9. h3 {[%emt 0:01:02]} a6 {[%emt 0:00:08]} 10. Bxd7+ {[%emt 0:00:26]} Bxd7 {[%emt 0:00:07]} 11. O-O-O {[%emt 0:01:09]} b5 {[%emt 0:00:13]} 12. a3 {[%emt 0:04:42]} Rb8 {[%emt 0:00:09]} 13. g4 {[%emt 0:06:37]} a5 {[%emt 0:00:07]} 14. g5 {[%emt 0:01:05]} hxg5 {[%emt 0:00:07]} 15. Bxg5 {[%emt 0:00:26]} b4 {[%emt 0:00:13]} 16. axb4 {[%emt 0:00:35]} axb4 {[%emt 0:00:14]} 17. Nb1 {[%emt 0:01:59]} Qa5 {[%emt 0:02:38]} 18. Bxf6 {[%emt 0:05:45]} gxf6 {[%emt 0:00:08]} 19. h4 {[%emt 0:01:40]} Rc8 {[%emt 0:01:03]} 20. Ne1 {[%emt 0:06:07]} Bf8 {[%emt 0:03:11]} 21. Ng2 {[%emt 0:03:54]} Bb5 {[%emt 0:03:10]} 22. Qh3 {[%emt 0:08:58]} Bh6+ {[%emt 0:01:55]} 23. Ne3 {[%emt 0:00:55]} Qc7 {[%emt 0:03:03]} 24. c3 {[%emt 0:00:31]} Bd7 {[%emt 0:07:25]} 25. Qf1 {[%emt 0:03:39]} Qc6 {[%emt 0:05:36]} 26. Qd3 {[%emt 0:01:56]} Bg4 {[%emt 0:00:11]} 27. Rd2 {[%emt 0:05:42]} Bf3 {[%emt 0:00:21]} 28. Rh3 {[%emt 0:00:16]} Bxe4 {[%emt 0:00:27]} 29. Qxd6 {[%emt 0:00:07]} Bxb1 {[%emt 0:02:34]} 30. Qxc6+ {[%emt 0:01:53]} Rxc6 {[%emt 0:00:09]} 31. Kxb1 {[%emt 0:00:05]} bxc3 {[%emt 0:00:10]} 32. Rc2 {[%emt 0:00:12]} Bxe3 {[%emt 0:06:36]} 33. fxe3 {[%emt 0:00:18]} Rg8 {[%emt 0:04:44]} 34. Rxc3 {[%emt 0:03:26]} Rg1+ {[%emt 0:03:00]} 35. Ka2 {[%emt 0:01:49]} 1/2-1/2

[Event "71st MNE-ch 2019"]
[Site "Podgorica"]
[Date "2019.05.26"]
[Round "9.12"]
[White "Abramovic, Dragoljub"]
[Black "Bacic, Kristina"]
[Result "0-1"]
[WhiteElo "2063"]
[BlackElo "1819"]
[Annotator "NA"]
[PlyCount "22"]
[EventDate "2019.05.18"]
[EventType "swiss"]
[EventCountry "MNE"]
[SourceTitle "playchess.com"]
[Source "ChessBase"]
[SourceQuality "1"]
[TimeControl "40/5400+30:1800+30"]

1. d4 {[%emt 0:00:00]} d5 {[%emt 0:01:50]} 2. Nf3 {[%emt 0:00:00]} Nf6 {[%emt 0:00:17]} 3. Bg5 {[%emt 0:00:15]} Ne4 {[%emt 0:00:40]} 4. Bh4 {[%emt 0:00:10]} c5 {[%emt 0:03:07]} 5. e3 {[%emt 0:00:06]} Qb6 {[%emt 0:01:25]} 6. Qc1 {[%emt 0:00:11]} f6 {[%emt 0:05:58]} 7. Nbd2 {[%emt 0:01:06]} Nxd2 {[%emt 0:02:24]} 8. Kxd2 {[%emt 0:01:03]} g5 {[%emt 0:01:14]} 9. Bg3 {[%emt 0:00:07]} g4 {[%emt 0:01:11]} 10. Nh4 {[%emt 0:02:52]} cxd4 {[%emt 0:00:23]} 11. exd4 {[%emt 0:00:49]} Bh6+ {[%emt 0:00:30]} 0-1

[Event "71st MNE-ch 2019"]
[Site "Podgorica"]
[Date "2019.05.26"]
[Round "9.13"]
[White "Karisik, Nenad"]
[Black "Sabotic, Denis"]
[Result "1-0"]
[WhiteElo "2128"]
[BlackElo "1682"]
[Annotator "NA"]
[PlyCount "69"]
[EventDate "2019.05.18"]
[EventType "swiss"]
[EventCountry "MNE"]
[SourceTitle "playchess.com"]
[Source "ChessBase"]
[SourceQuality "1"]
[TimeControl "40/5400+30:1800+30"]

1. e4 {[%emt 0:00:34]} c5 {[%emt 0:00:00]} 2. Nf3 {[%emt 0:00:05]} Nc6 {[%emt 0:00:00]} 3. Bb5 {[%emt 0:00:06]} e6 {[%emt 0:00:12]} 4. O-O {[%emt 0:02:12]} a6 {[%emt 0:01:11]} 5. Bxc6 {[%emt 0:00:47]} bxc6 {[%emt 0:00:08]} 6. e5 {[%emt 0:00:57]} g6 {[%emt 0:03:52]} 7. Nc3 {[%emt 0:03:01]} Nh6 {[%emt 0:02:36]} 8. Ne4 {[%emt 0:00:47]} Be7 {[%emt 0:00:07]} 9. d3 {[%emt 0:00:25]} Nf5 {[%emt 0:00:14]} 10. b3 {[%emt 0:01:28]} Bb7 {[%emt 0:02:18]} 11. a4 {[%emt 0:01:55]} Qc7 {[%emt 0:05:44]} 12. Ba3 {[%emt 0:00:42]} Nd4 {[%emt 0:01:07]} 13. Nxd4 {[%emt 0:02:59]} cxd4 {[%emt 0:00:14]} 14. Nd6+ {[%emt 0:01:44]} Bxd6 {[%emt 0:05:30]} 15. Bxd6 {[%emt 0:01:00]} Qd8 {[%emt 0:03:33]} 16. Qg4 {[%emt 0:03:21]} f5 {[%emt 0:01:13]} 17. Qxd4 {[%emt 0:00:37]} Rc8 {[%emt 0:01:07]} 18. b4 {[%emt 0:04:06]} Qg5 {[%emt 0:03:23]} 19. Qa7 {[%emt 0:02:33]} Ba8 {[%emt 0:00:16]} 20. Qxa6 {[%emt 0:14:22]} Kf7 {[%emt 0:00:55]} 21. Qa7 {[%emt 0:08:19]} Rhd8 {[%emt 0:00:19]} 22. f4 {[%emt 0:02:32]} Qh4 {[%emt 0:00:27]} 23. Qe3 {[%emt 0:00:23]} Rg8 {[%emt 0:00:19]} 24. Rf3 {[%emt 0:00:20]} g5 {[%emt 0:01:03]} 25. Rh3 {[%emt 0:04:13]} gxf4 {[%emt 0:00:59]} 26. Rxh4 {[%emt 0:00:55]} fxe3 {[%emt 0:00:01]} 27. Bc5 {[%emt 0:00:59]} Rg7 {[%emt 0:02:54]} 28. Re1 {[%emt 0:01:47]} Rcg8 {[%emt 0:00:18]} 29. g3 {[%emt 0:00:16]} d6 {[%emt 0:01:16]} 30. Bxd6 {[%emt 0:01:05]} c5 {[%emt 0:02:17]} 31. Bxc5 {[%emt 0:00:52]} Rxg3+ {[%emt 0:00:49]} 32. hxg3 {[%emt 0:01:12]} Rxg3+ 33. Kf1 Rf3+ {[%emt 0:01:33]} 34. Ke2 {[%emt 0:00:44]} f4 {[%emt 0:00:02]} 35. Rf1 {[%emt 0:00:37]} 1-0

[Event "71st MNE-ch 2019"]
[Site "Podgorica"]
[Date "2019.05.26"]
[Round "9.14"]
[White "Popovic, Mateja"]
[Black "Stankovic, Zarko"]
[Result "1-0"]
[WhiteElo "1436"]
[BlackElo "2218"]
[Annotator "NA"]
[PlyCount "31"]
[EventDate "2019.05.18"]
[EventType "swiss"]
[EventCountry "MNE"]
[SourceTitle "playchess.com"]
[Source "ChessBase"]
[SourceQuality "1"]
[TimeControl "40/5400+30:1800+30"]

1. d4 {[%emt 0:00:00]} d5 {[%emt 0:06:34]} 2. c4 {[%emt 0:00:00]} c6 {[%emt 0:00:08]} 3. cxd5 {[%emt 0:00:35]} cxd5 4. Nc3 Nf6 {[%emt 0:00:50]} 5. Bg5 {[%emt 0:00:49]} e6 {[%emt 0:00:26]} 6. Nf3 {[%emt 0:00:34]} Nc6 {[%emt 0:00:26]} 7. e3 {[%emt 0:00:47]} a6 {[%emt 0:00:46]} 8. a3 {[%emt 0:01:50]} Be7 {[%emt 0:00:50]} 9. Bd3 {[%emt 0:01:00]} O-O {[%emt 0:00:30]} 10. Qc2 {[%emt 0:02:03]} h6 {[%emt 0:00:23]} 11. Bh4 {[%emt 0:00:17]} Bd7 {[%emt 0:00:39]} 12. O-O {[%emt 0:01:01]} Rc8 {[%emt 0:00:10]} 13. Rac1 {[%emt 0:01:54]} g5 {[%emt 0:07:08]} 14. Bg3 {[%emt 0:01:58]} Nh5 {[%emt 0:00:11]} 15. Be5 {[%emt 0:05:04]} g4 {[%emt 0:03:09]} 16. Bh7# 1-0

[Event "71st MNE-ch 2019"]
[Site "Podgorica"]
[Date "2019.05.26"]
[Round "9.15"]
[White "Petrovic, Slavko"]
[Black "Rakic, Tijana"]
[Result "1-0"]
[WhiteElo "1945"]
[BlackElo "1579"]
[Annotator "NA"]
[PlyCount "107"]
[EventDate "2019.05.18"]
[EventType "swiss"]
[EventCountry "MNE"]
[SourceTitle "playchess.com"]
[Source "ChessBase"]
[SourceQuality "1"]
[TimeControl "40/5400+30:1800+30"]

1. e4 {[%emt 0:00:00]} d5 {[%emt 0:00:28]} 2. exd5 {[%emt 0:02:24]} Qxd5 {[%emt 0:00:17]} 3. d4 {[%emt 0:00:34]} Nf6 {[%emt 0:00:06]} 4. Nf3 {[%emt 0:01:39]} Bg4 {[%emt 0:01:24]} 5. Be2 {[%emt 0:00:27]} Nc6 {[%emt 0:01:13]} 6. c4 {[%emt 0:01:06]} Qh5 {[%emt 0:02:17]} 7. Bf4 {[%emt 0:02:57]} O-O-O {[%emt 0:02:37]} 8. d5 {[%emt 0:02:21]} e5 {[%emt 0:02:18]} 9. Be3 {[%emt 0:03:04]} e4 {[%emt 0:15:40]} 10. Nd4 {[%emt 0:10:38]} Bxe2 {[%emt 0:01:17]} 11. Qxe2 {[%emt 0:03:51]} Qxe2+ {[%emt 0:00:44]} 12. Kxe2 {[%emt 0:00:34]} Ne5 {[%emt 0:00:55]} 13. b3 {[%emt 0:02:08]} Nfg4 {[%emt 0:03:29]} 14. h3 {[%emt 0:01:14]} Nxe3 {[%emt 0:00:37]} 15. fxe3 {[%emt 0:00:29]} g6 {[%emt 0:00:47]} 16. Nd2 {[%emt 0:01:45]} f5 {[%emt 0:01:02]} 17. a3 {[%emt 0:02:40]} c6 {[%emt 0:02:21]} 18. dxc6 {[%emt 0:05:25]} Nxc6 {[%emt 0:00:46]} 19. Ne6 {[%emt 0:04:42]} Rd3 {[%emt 0:00:34]} 20. Nf4 {[%emt 0:02:07]} Rd7 {[%emt 0:03:23]} 21. b4 {[%emt 0:00:52]} Bg7 {[%emt 0:00:28]} 22. Ra2 {[%emt 0:00:52]} Ne7 {[%emt 0:04:38]} 23. Rc1 {[%emt 0:00:54]} g5 {[%emt 0:02:44]} 24. Ne6 {[%emt 0:00:34]} Be5 {[%emt 0:00:30]} 25. g4 {[%emt 0:01:33]} Rd6 {[%emt 0:06:15]} 26. Nxg5 {[%emt 0:03:13]} Rf6 {[%emt 0:03:49]} 27. gxf5 {[%emt 0:05:03]} Nxf5 {[%emt 0:03:16]} 28. Ngxe4 {[%emt 0:02:30]} Rh6 {[%emt 0:01:10]} 29. Rf1 {[%emt 0:01:35]} Ng3+ {[%emt 0:02:42]} 30. Nxg3 {[%emt 0:00:28]} Bxg3 {[%emt 0:00:08]} 31. Rf3 {[%emt 0:03:12]} Rxh3 {[%emt 0:01:27]} 32. Nf1 {[%emt 0:00:18]} Rg8 {[%emt 0:00:19]} 33. Rd2 {[%emt 0:01:01]} h5 {[%emt 0:00:17]} 34. Rd3 {[%emt 0:06:56]} h4 {[%emt 0:00:30]} 35. e4 {[%emt 0:00:51]} Rg4 {[%emt 0:06:35]} 36. Rde3 {[%emt 0:01:08]} Kc7 {[%emt 0:01:48]} 37. Kd3 {[%emt 0:00:30]} Kd6 {[%emt 0:03:52]} 38. c5+ {[%emt 0:01:43]} Kc6 {[%emt 0:00:22]} 39. a4 {[%emt 0:00:34]} a6 {[%emt 0:00:19]} 40. Rf6+ {[%emt 0:00:00]} Kc7 {[%emt 0:00:00]} 41. b5 {[%emt 0:00:58]} axb5 {[%emt 0:00:37]} 42. axb5 {[%emt 0:00:10]} Rh1 {[%emt 0:00:10]} 43. Rf7+ {[%emt 0:00:48]} Kb8 {[%emt 0:00:56]} 44. Rff3 {[%emt 0:00:41]} Rg5 {[%emt 0:04:14]} 45. Kc4 {[%emt 0:01:04]} Be5 {[%emt 0:04:16]} 46. Rf8+ {[%emt 0:02:41]} Kc7 {[%emt 0:00:54]} 47. Ref3 {[%emt 0:00:18]} Rg7 {[%emt 0:02:21]} 48. Kd5 {[%emt 0:01:12]} Bg3 {[%emt 0:00:43]} 49. R3f7+ {[%emt 0:01:32]} Rxf7 {[%emt 0:00:27]} 50. Rxf7+ {[%emt 0:00:12]} Kb8 {[%emt 0:00:17]} 51. e5 {[%emt 0:00:32]} Bxe5 {[%emt 0:02:29]} 52. Kxe5 {[%emt 0:00:50]} h3 {[%emt 0:00:06]} 53. b6 {[%emt 0:00:40]} Rg1 {[%emt 0:00:10]} 54. Rf8# 1-0